[Event "3rd Asia-ch"]
[Site "Kolkata IND"]
[Date "2001.08.13"]
[Round "5"]
[White "Rahman, Ziaur"]
[Black "Antonio, Rogelio jr"]
[Result "1-0"]
[WhiteElo "2468"]
[BlackElo "2535"]
[EventDate "2001.08.09"]
[PlyCount "71"]

1.Nf3 Nf6 2.c4 c5 3.Nc3 Nc6 4.g3 Nd4 5.Bg2 Nxf3+ 6.Bxf3 g6 7.d4 cxd4 8.
Qxd4 Bg7 9.O-O d6 10.Rd1 O-O 11.Qh4 Qc7 12.Nb5 Qb8 13.Bg5 a6 14.Nxd6 h6 
15.Nxc8 Rxc8 16.Be3 g5 17.Qd4 e5 18.Qd3 Qc7 19.Qf5 Re8 20.Qc2 e4 21.Bg2 
Ng4 22.Bd4 e3 23.f3 Nf2 24.Bxg7 Kxg7 25.Rd5 Rad8 26.Qc3+ Kg8 27.Qf6 Kh7 
28.f4 Rxd5 29.Bxd5 Qe7 30.fxg5 Qxf6 31.gxf6 Kg6 32.Rc1 b6 33.Rc3 Kxf6 34.
a4 Nd1 35.Rb3 Ke5 36.Rd3 1-0

[Event "3rd Asia-ch"]
[Site "Kolkata IND"]
[Date "2001.08.13"]
[Round "5"]
[White "Ravi, Lanka"]
[Black "Odeev, Handszar"]
[Result "1/2-1/2"]
[WhiteElo "2389"]
[BlackElo "2479"]
[EventDate "2001.08.09"]
[PlyCount "100"]

1.d4 Nf6 2.c4 g6 3.Nf3 Bg7 4.g3 O-O 5.Bg2 d5 6.cxd5 Nxd5 7.O-O c6 8.e4 Nb6
9.h3 Na6 10.Nc3 Be6 11.b3 c5 12.Ne2 Qd7 13.Kh2 Rfd8 14.Be3 Qe8 15.d5 Bd7 
16.Rc1 Rac8 17.Qd2 e6 18.d6 e5 19.Rfd1 Bb5 20.Nc3 Bc6 21.Bh6 Rd7 22.Bxg7 
Kxg7 23.Bf1 Rcd8 24.Qe3 Rxd6 25.Rxd6 Rxd6 26.Bxa6 bxa6 27.Qxc5 Re6 28.Rd1 
Bb7 29.Nd5 Nxd5 30.exd5 Rf6 31.Nd2 Rb6 32.Nc4 Rb5 33.Qxa7 Qd7 34.Qe3 f6 
35.d6 Qc6 36.f3 Rd5 37.Rxd5 Qxd5 38.Kg2 Kf7 39.Kf2 Ke6 40.h4 Qd1 41.f4 
Qc2+ 42.Qe2 Qxe2+ 43.Kxe2 exf4 44.gxf4 Bd5 45.Kd3 Bxc4+ 46.Kxc4 Kxd6 47.b4
h6 48.a4 g5 49.fxg5 fxg5 50.hxg5 hxg5 1/2-1/2

[Event "3rd Asia-ch"]
[Site "Kolkata IND"]
[Date "2001.08.13"]
[Round "5"]
[White "Roghani, Arash"]
[Black "Mallahi, Amir"]
[Result "0-1"]
[WhiteElo "2294"]
[BlackElo "2416"]
[EventDate "2001.08.09"]
[PlyCount "70"]

1.d4 d5 2.c4 e6 3.Nf3 c5 4.cxd5 exd5 5.Nc3 Nc6 6.g3 Nf6 7.Bg2 Be7 8.O-O 
O-O 9.dxc5 Bxc5 10.Bg5 d4 11.Bxf6 Qxf6 12.Nd5 Qd8 13.Nd2 Re8 14.Rc1 Bb6 
15.Nc4 Be6 16.Ndxb6 axb6 17.a3 Bg4 18.Re1 b5 19.Nd2 d3 20.Bf3 Bxf3 21.Nxf3
dxe2 22.Qxd8 Raxd8 23.Rc2 Rd1 24.Rxe2 Rxe2 25.Rxd1 Rxb2 26.Rd7 Rb3 27.Ng5 
h6 28.Nxf7 Rxa3 29.Rxb7 Na5 30.Nxh6+ Kh7 31.Rb6 Nc4 32.Rxb5 Kxh6 33.Rc5 
Nd2 34.Rc2 Nf3+ 35.Kf1 Ra1+ 0-1

[Event "3rd Asia-ch"]
[Site "Kolkata IND"]
[Date "2001.08.13"]
[Round "5"]
[White "Sriram, Jha"]
[Black "Yu Shaoteng"]
[Result "1/2-1/2"]
[WhiteElo "2399"]
[BlackElo "2517"]
[EventDate "2001.08.09"]
[PlyCount "41"]

1.d4 e6 2.c4 Nf6 3.g3 d5 4.Bg2 Be7 5.Nf3 O-O 6.O-O dxc4 7.Qc2 a6 8.Qxc4 b5
9.Qc2 Bb7 10.Bf4 Nc6 11.Rd1 Nb4 12.Qc1 Rc8 13.Nc3 Nbd5 14.Nxd5 Bxd5 15.Be3
Ng4 16.Ne1 Bxg2 17.Kxg2 Qd5+ 18.f3 c5 19.Bg1 cxd4 20.Qf4 Nf6 21.Qxd4 
1/2-1/2

[Event "3rd Asia-ch"]
[Site "Kolkata IND"]
[Date "2001.08.13"]
[Round "5"]
[White "Thipsay, Praveen Mahadeo"]
[Black "Peng Xiaomin"]
[Result "1/2-1/2"]
[WhiteElo "2453"]
[BlackElo "2629"]
[EventDate "2001.08.09"]
[PlyCount "132"]

1.e4 e5 2.Nf3 Nc6 3.Bb5 a6 4.Ba4 Nf6 5.O-O b5 6.Bb3 Bb7 7.d3 Bd6 8.a4 O-O 
9.Nc3 b4 10.Ne2 Na5 11.Ba2 h6 12.Ng3 Re8 13.Nd2 Bf8 14.Re1 d5 15.exd5 Bxd5
16.Bxd5 Qxd5 17.Nde4 Re6 18.b3 c5 19.Bb2 Nc6 20.Nf5 Qd7 21.Nxf6+ Rxf6 22.
Ne3 Re8 23.Nc4 Rfe6 24.Re2 g6 25.Qf1 Bg7 26.Rae1 f5 27.f3 Nd4 28.Bxd4 cxd4
29.g4 Kh7 30.Qh3 Qf7 31.Qg3 Qe7 32.Kh1 Qb7 33.Rg2 Rf8 34.Reg1 fxg4 35.Qxg4
Qf7 36.Nd2 Rc6 37.Qe4 Rf6 38.Rg3 Qe6 39.Nc4 Re8 40.R1g2 Re7 41.Kg1 Qc6 42.
Re2 Qxe4 43.Rxe4 Rfe6 44.Rg2 h5 45.Rge2 Bh6 46.Kg2 Bf4 47.Re1 g5 48.h3 Kg6
49.R4e2 Kf5 50.Rh1 Rg7 51.Kf1 Reg6 52.Rg2 Rg8 53.Kf2 Rc8 54.Rhg1 Rxc4 55.
bxc4 Be3+ 56.Ke2 Bxg1 57.Rxg1 Kf4 58.Kf2 Rc6 59.Rb1 g4 60.hxg4 hxg4 61.
fxg4 e4 62.dxe4 Rxc4 63.Ke2 Kxe4 64.Kd2 Kf4 65.a5 Kxg4 66.Kd3 Rc5 1/2-1/2

[Event "3rd Asia-ch"]
[Site "Kolkata IND"]
[Date "2001.08.13"]
[Round "5"]
[White "Vladimirov, Evgeny"]
[Black "Li Wenliang"]
[Result "0-1"]
[WhiteElo "2612"]
[BlackElo "2494"]
[EventDate "2001.08.09"]
[PlyCount "56"]

1.d4 Nf6 2.c4 e6 3.g3 d5 4.Bg2 dxc4 5.Nf3 Nc6 6.Qa4 Nd7 7.Qxc4 Nb6 8.Qd3 
e5 9.Nxe5 Nb4 10.Qc3 Qxd4 11.Qxc7 Be6 12.Nf3 Qc4 13.Qxc4 Nxc4 14.Nd4 O-O-O
15.a3 Rxd4 16.axb4 Bxb4+ 17.Nc3 a6 18.O-O Nd2 19.e3 Rd7 20.Bxd2 Rxd2 21.
Rab1 Kb8 22.h4 Rc8 23.Be4 h6 24.Kg2 Rc4 25.Bf3 Bf5 26.e4 Be6 27.Nd1 Bc5 
28.Nc3 Bd4 0-1

[Event "3rd Asia-ch"]
[Site "Kolkata IND"]
[Date "2001.08.13"]
[Round "5"]
[White "Wohl, Aleksandar"]
[Black "Turpanov, Milan"]
[Result "1/2-1/2"]
[WhiteElo "2371"]
[BlackElo "2276"]
[EventDate "2001.08.09"]
[PlyCount "116"]

1.e4 c5 2.Nf3 d6 3.c3 Nf6 4.Be2 Bd7 5.Qc2 Bc6 6.d3 Nbd7 7.O-O g6 8.Re1 Bg7
9.Bf1 Rc8 10.d4 cxd4 11.Nxd4 O-O 12.Nxc6 Rxc6 13.Nd2 Qb8 14.Nf3 b5 15.Nd4 
Rb6 16.Nb3 Rc8 17.Be3 Rb7 18.h3 Ne5 19.Na5 Rbc7 20.f4 Nc6 21.Nxc6 Rxc6 22.
Rad1 e6 23.f5 exf5 24.exf5 d5 25.a3 a6 26.Bd4 Rd8 27.Be2 Ne4 28.fxg6 hxg6 
29.Bf3 Bxd4+ 30.Rxd4 Nf6 31.Qd2 Qd6 32.Rd1 Rc4 33.Rd3 Rc5 34.Qh6 Re8 35.b4
Rcc8 36.Rd4 Qf8 37.Qh4 Kg7 38.Bxd5 Rxc3 39.Rf1 Nxd5 40.Rxd5 Rce3 41.Qf6+ 
Kg8 42.Qxa6 Qg7 43.Qxb5 Qb2 44.Qb7 R8e7 45.Rd7 Re1 46.Qb8+ Kh7 47.Rd1 Rxd1
48.Rxd1 Qxa3 49.Qf4 Qa7+ 50.Kh2 Qb7 51.Qh4+ Kg7 52.Qd4+ Kh7 53.Rf1 Rd7 54.
Qh4+ Kg8 55.Re1 Qb8+ 56.Kh1 Kg7 57.Qe4 Kh7 58.Qe5 Qxb4 1/2-1/2

[Event "3rd Asia-ch"]
[Site "Kolkata IND"]
[Date "2001.08.13"]
[Round "5"]
[White "Wu Wenjin"]
[Black "Egin, Vladimir"]
[Result "1/2-1/2"]
[WhiteElo "2560"]
[BlackElo "2451"]
[EventDate "2001.08.09"]
[PlyCount "82"]

1.c4 e5 2.Nc3 Nf6 3.Nf3 Nc6 4.d4 exd4 5.Nxd4 Bb4 6.Bg5 h6 7.Bh4 Bxc3+ 8.
bxc3 Ne5 9.e3 d6 10.Nb5 O-O 11.Be2 Ng6 12.Bxf6 Qxf6 13.Nxc7 Qxc3+ 14.Kf1 
Rb8 15.Nb5 Qf6 16.Qd4 Ne5 17.f4 Ng4 18.Bxg4 Bxg4 19.Qxf6 gxf6 20.Kf2 Rfd8 
21.Rhc1 Be6 22.Rab1 a6 23.Nd4 Rdc8 24.Rb6 Bxc4 25.a3 Bd3 26.Rxc8+ Rxc8 27.
Rxd6 Rc3 28.Rxf6 Rxa3 29.Kf3 Ra1 30.Rb6 Rb1 31.Rd6 a5 32.Rd5 a4 33.Ra5 
Rf1+ 34.Kg4 Ra1 35.f5 Kg7 36.Kf4 a3 37.Nb3 Rf1+ 38.Kg3 Rxf5 39.Rxa3 Be4 
40.h4 Kf8 41.Nd4 Rf6 1/2-1/2

[Event "3rd Asia-ch"]
[Site "Kolkata IND"]
[Date "2001.08.13"]
[Round "5"]
[White "Xu Jun"]
[Black "Ghaem Maghami, Ehsan"]
[Result "1/2-1/2"]
[WhiteElo "2646"]
[BlackElo "2509"]
[EventDate "2001.08.09"]
[PlyCount "40"]

1.Nf3 c5 2.c4 Nf6 3.Nc3 e6 4.d4 cxd4 5.Nxd4 Bb4 6.g3 Ne4 7.Qd3 Qa5 8.Nb3 
Qf5 9.Qe3 Nxc3 10.bxc3 Be7 11.Bg2 Nc6 12.O-O O-O 13.Rd1 b6 14.Qe4 Qxe4 15.
Bxe4 Rb8 16.Bf4 e5 17.Be3 Rd8 18.c5 Ba6 19.Rd2 Bc4 20.Rad1 Be6 1/2-1/2

[Event "3rd Asia-ch"]
[Site "Kolkata IND"]
[Date "2001.08.13"]
[Round "5"]
[White "Yurtaev, Leonid"]
[Black "Al-Rakib, Abdullah"]
[Result "1/2-1/2"]
[WhiteElo "2543"]
[BlackElo "2393"]
[EventDate "2001.08.09"]
[PlyCount "270"]

1.e4 c6 2.d4 d5 3.Nc3 dxe4 4.Nxe4 Nd7 5.Nf3 Ngf6 6.Ng3 e6 7.Bd3 c5 8.O-O 
cxd4 9.Nxd4 Bc5 10.c3 O-O 11.Re1 b6 12.Ne4 Bb7 13.Nxc5 bxc5 14.Nb5 Qb6 15.
Nd6 Bd5 16.Nc4 Qb7 17.f3 Rad8 18.Qe2 h6 19.Be3 Qc7 20.Rad1 Rfe8 21.Qf2 e5 
22.Qg3 Nh5 23.Qh4 Nf4 24.Bf1 Bxc4 25.Bxc4 Nb6 26.Bb5 Rxd1 27.Rxd1 Rb8 28.
Bxf4 exf4 29.Qh5 c4 30.Rd4 g6 31.Qh4 Qe5 32.Rd8+ Rxd8 33.Qxd8+ Kh7 34.Qe8 
Qc5+ 35.Kf1 Kg7 36.a4 Nd5 37.Qe5+ f6 38.Qe4 Ne3+ 39.Ke2 Qc7 40.Qe6 h5 41.
a5 Qd8 42.Bd7 Nxg2 43.Qd6 Qxa5 44.Qe7+ Kh6 45.Qxf6 Qb6 46.Qxb6 axb6 47.Be6
Ne3 48.b3 cxb3 49.Bxb3 Kg5 50.Bf7 Kf6 51.Be8 Nd5 52.Kd3 Nc7 53.Bd7 Ke5 54.
Bc8 Ne8 55.Bd7 Nf6 56.Bc6 g5 57.h3 Kd6 58.Bb7 Nd7 59.Kd4 Nc5 60.Bc8 Nb3+ 
61.Kd3 Ke5 62.Ke2 Nc5 63.Kd2 Kd5 64.Bf5 Ne6 65.Bg6 h4 66.Bf7 Ke5 67.Kd3 
Nc5+ 68.Kc4 Nb7 69.Kd3 Nd6 70.Bg6 Kd5 71.Bh7 Kc5 72.Bg8 Ne8 73.Bf7 Nf6 74.
Be6 Kd6 75.Bc8 Nd5 76.Kd4 Ne7 77.Bb7 Nf5+ 78.Kd3 Kc5 79.Bc8 Ne3 80.Bb7 Nc4
81.Bc8 b5 82.Be6 Ne3 83.Bd7 Nd5 84.Be6 Kd6 85.Bc8 Ke5 86.Bb7 Nc7 87.Kd2 
Kd6 88.Kd3 Ne6 89.Bc8 Ke5 90.Kd2 Nc5 91.Bg4 Kd5 92.Bh5 Nd7 93.Be8 Ne5 94.
Bxb5 Nxf3+ 95.Ke2 Ne5 96.Ba6 Kc5 97.Kf2 Kd6 98.Bb7 Nc4 99.Kf3 Ke5 100.Kg4 
Nd6 101.Bc6 Kf6 102.Bd5 Nf5 103.Bb7 Ne3+ 104.Kf3 Ke5 105.Ba8 Nd5 106.Kg4 
Nc7 107.Bb7 Ne6 108.Ba8 Kf6 109.Bb7 Nc5 110.Ba8 Na4 111.Bc6 Nxc3 112.Kf3 
Nd1 113.Bb7 Ne3 114.Ke4 Nc4 115.Ba6 Nd6+ 116.Kd5 Nf7 117.Ke4 Ne5 118.Bb7 
Nd7 119.Bc6 Nc5+ 120.Kd4 Nb3+ 121.Ke4 Nd2+ 122.Kd4 Nf1 123.Bb7 Ng3 124.Bf3
Nf5+ 125.Ke4 Ne3 126.Be2 Nf5 127.Bf3 Nd6+ 128.Kd4 Nf7 129.Ke4 Ne5 130.Be2 
Ke6 131.Ba6 Nd7 132.Bc8 Ke7 133.Kf5 Nc5 134.Kxg5 f3 135.Bg4 f2 1/2-1/2

[Event "3rd Asia-ch"]
[Site "Kolkata IND"]
[Date "2001.08.13"]
[Round "5"]
[White "Zagrebelny, Sergei"]
[Black "Rahman, Syed Mahfuzur"]
[Result "1-0"]
[WhiteElo "2466"]
[BlackElo "2235"]
[EventDate "2001.08.09"]
[PlyCount "85"]

1.e4 c5 2.Nf3 Nc6 3.Bb5 g6 4.Bxc6 dxc6 5.d3 Bg7 6.h3 Nf6 7.Nc3 Nd7 8.Be3 
O-O 9.Qd2 Re8 10.Bh6 Bh8 11.h4 Qb6 12.Nd1 Nf6 13.h5 Bg4 14.hxg6 hxg6 15.
Qf4 Bh5 16.Bg5 Bg7 17.Bxf6 exf6 18.g4 g5 19.Qg3 Bg6 20.Nd2 Qd8 21.Ne3 Qd4 
22.Rb1 Rad8 23.a3 b5 24.Nb3 Qa4 25.Nxc5 Qa5+ 26.Ke2 Qb6 27.b4 a5 28.Rh3 
Kf8 29.Nb3 axb4 30.axb4 Ra8 31.Nc5 Qd8 32.Rhh1 Ra2 33.Rhd1 Kg8 34.f3 Bf8 
35.d4 Bxc5 36.dxc5 Qa8 37.Rd4 Kg7 38.Rbd1 Qc8 39.Rd7 Bxe4 40.fxe4 Rxe4 41.
Kf2 Qe8 42.Rd8 Rf4+ 43.Qxf4 1-0

[Event "3rd Asia-ch"]
[Site "Kolkata IND"]
[Date "2001.08.13"]
[Round "5"]
[White "Zhang Pengxiang"]
[Black "Mahjoob, Morteza"]
[Result "0-1"]
[WhiteElo "2487"]
[BlackElo "2335"]
[EventDate "2001.08.09"]
[PlyCount "64"]

1.e4 c5 2.Nf3 e6 3.b3 a6 4.Bb2 Qc7 5.c4 b6 6.d4 cxd4 7.Nxd4 Bb7 8.Bd3 Nf6 
9.O-O Nxe4 10.Bxe4 Bxe4 11.Nc3 Bg6 12.Nd5 exd5 13.Re1+ Be7 14.cxd5 Qd6 15.
Nb5 axb5 16.Bxg7 f6 17.Bxh8 Kf7 18.Qe2 Na6 19.Bg7 Nb4 20.Bh6 Nc2 21.Bf4 
Qb4 22.Bd2 Qe4 23.Qxb5 Nxe1 24.Rxe1 Qf5 25.Qxb6 Qxd5 26.Bc3 Qc5 27.Qb7 
Rxa2 28.Qf3 Rc2 29.Ba1 Rc1 30.Qe2 Bd3 31.Qd2 Rxe1+ 32.Qxe1 Qc2 0-1

[Event "3rd Asia-ch"]
[Site "Kolkata IND"]
[Date "2001.08.13"]
[Round "6"]
[White "Abu Sufian, Shakil"]
[Black "Kostenko, Petr"]
[Result "0-1"]
[WhiteElo "2276"]
[BlackElo "2494"]
[EventDate "2001.08.09"]
[PlyCount "52"]

1.e4 e5 2.Nf3 Nc6 3.Bb5 a6 4.Ba4 Nf6 5.O-O Bc5 6.d3 d6 7.c3 O-O 8.Bg5 h6 
9.Bh4 Ba7 10.Nbd2 Rb8 11.b4 Kh8 12.Kh1 g5 13.Nxg5 hxg5 14.Bxg5 Rg8 15.Bh4 
Rg4 16.Nf3 Kg7 17.Qd2 Bd7 18.h3 Rg6 19.Bg5 Kh7 20.Bc2 Qg8 21.d4 Re8 22.a4 
Bc8 23.b5 Nd8 24.d5 Kh8 25.Rg1 a5 26.g4 Qh7 0-1

[Event "3rd Asia-ch"]
[Site "Kolkata IND"]
[Date "2001.08.13"]
[Round "6"]
[White "Utut Adianto"]
[Black "Zhang Pengxiang"]
[Result "0-1"]
[WhiteElo "2598"]
[BlackElo "2487"]
[EventDate "2001.08.09"]
[PlyCount "78"]

1.d4 d5 2.c4 c6 3.e3 Nf6 4.Nc3 a6 5.Bd3 b5 6.c5 e5 7.dxe5 Ng4 8.Nf3 Nd7 9.
O-O Bxc5 10.e4 d4 11.Ne2 Ndxe5 12.Bf4 Bd6 13.Bxe5 Nxe5 14.Nxe5 Bxe5 15.f4 
Bd6 16.e5 Be7 17.Be4 Qb6 18.Kh1 f5 19.exf6 Bxf6 20.Rc1 Bb7 21.Ng3 O-O-O 
22.Qf3 Kb8 23.Bxc6 d3 24.Bxb7 Qxb7 25.Qf2 Rhe8 26.Rfd1 Bd4 27.Qf1 Be3 28.
Rc3 d2 29.a4 b4 30.Rc4 Rc8 31.Rxc8+ Rxc8 32.Nf5 Qb6 33.g3 Rc1 34.Kg2 Qc6+ 
35.Kh3 Qe6 36.g4 Qb3 37.Nxe3 Qxe3+ 38.Kg2 Rxd1 39.Qxd1 Qe1 0-1

[Event "3rd Asia-ch"]
[Site "Kolkata IND"]
[Date "2001.08.13"]
[Round "6"]
[White "Al-Modiahki, Mohamad"]
[Black "Yurtaev, Leonid"]
[Result "1-0"]
[WhiteElo "2492"]
[BlackElo "2543"]
[EventDate "2001.08.09"]
[PlyCount "91"]

1.e4 g6 2.d4 Bg7 3.Nc3 c6 4.Bc4 d5 5.exd5 b5 6.Bb3 b4 7.Na4 cxd5 8.Nc5 Nf6
9.Nf3 O-O 10.Ne5 Na6 11.Ncd3 Qb6 12.Be3 Nc7 13.a3 bxa3 14.Rxa3 Nb5 15.Ra2 
Nd6 16.Nc5 Nf5 17.O-O a5 18.g4 Nxe3 19.fxe3 h6 20.Qf3 e6 21.h4 Qc7 22.Ba4 
g5 23.hxg5 hxg5 24.Qh3 Ne4 25.Nxe4 dxe4 26.Rf2 Bb7 27.Rh2 Rfd8 28.Qh7+ Kf8
29.Ng6+ fxg6 30.Rf2+ Qf4 31.Qxg6 Rxd4 32.Rxf4+ gxf4 33.Ra1 Rd6 34.Qg5 f3 
35.Qc5 Rd8 36.Rd1 Be5 37.Rxd6 Bxd6 38.Qb6 Be7 39.c3 Bd5 40.Qc7 Bh4 41.c4 
Ba8 42.Qf4+ Kg8 43.g5 Bc6 44.Qxh4 Bxa4 45.Qxe4 Rf8 46.Qg6+ 1-0

[Event "3rd Asia-ch"]
[Site "Kolkata IND"]
[Date "2001.08.13"]
[Round "6"]
[White "Al-Rakib, Abdullah"]
[Black "Dzhumaev, Marat"]
[Result "1/2-1/2"]
[WhiteElo "2393"]
[BlackElo "2497"]
[EventDate "2001.08.09"]
[PlyCount "165"]

1.d4 f5 2.g3 Nf6 3.Bg2 g6 4.Nh3 d6 5.Nf4 c6 6.Nc3 e5 7.dxe5 dxe5 8.Qxd8+ 
Kxd8 9.Nd3 e4 10.Bg5 Ke7 11.Nf4 Kf7 12.f3 exf3 13.Bxf3 h6 14.Bxf6 Kxf6 15.
O-O-O Nd7 16.e4 Ne5 17.Rhf1 Kg7 18.exf5 Bxf5 19.Be4 Bg4 20.Rde1 g5 21.Bf5 
Bxf5 22.Rxe5 Bg4 23.Ne6+ Bxe6 24.Rxe6 Bb4 25.Rff6 Rae8 26.Rg6+ Kf7 27.
Rgf6+ Kg7 28.Rg6+ Kf7 29.Ref6+ Ke7 30.Rxh6 Kd8 31.Kd2 Kc8 32.Kd3 Rd8+ 33.
Kc4 Bxc3 34.Kxc3 Rhe8 35.Re6 Rxe6 36.Rxe6 Rh8 37.Rg6 Rxh2 38.Rxg5 Kc7 39.
a4 Kb6 40.b4 Rg2 41.Kd3 Rg1 42.c3 Rg2 43.Ke3 Rg1 44.a5+ Ka6 45.Kf2 Rc1 46.
Rc5 b6 47.Rxc6 Kb5 48.Rc7 bxa5 49.bxa5 a6 50.g4 Kxa5 51.g5 Rc2+ 52.Kf3 Rc1
53.Kf4 Kb5 54.g6 Rg1 55.Kf5 a5 56.Kf6 Kb6 57.Rc4 Kb5 58.Rc7 Kb6 59.Rc8 
Rf1+ 60.Ke7 Re1+ 61.Kf7 Rf1+ 62.Kg8 a4 63.Ra8 Kb5 64.g7 Rf3 65.c4+ Kb4 66.
Kh7 Rh3+ 67.Kg6 Rg3+ 68.Kf6 Rf3+ 69.Ke5 Rg3 70.g8=Q Rxg8 71.Rxg8 Kxc4 72.
Ra8 Kb3 73.Kd4 a3 74.Kd3 Kb2 75.Rb8+ Kc1 76.Ra8 Kb2 77.Rb8+ Kc1 78.Rc8+ 
Kb2 79.Rb8+ Kc1 80.Kc3 a2 81.Ra8 Kb1 82.Rb8+ Kc1 83.Ra8 1/2-1/2

[Event "3rd Asia-ch"]
[Site "Kolkata IND"]
[Date "2001.08.13"]
[Round "6"]
[White "Al-Sayed, Mohamad Naser"]
[Black "Annageldiev, Orazly"]
[Result "1/2-1/2"]
[WhiteElo "2299"]
[BlackElo "2485"]
[EventDate "2001.08.09"]
[PlyCount "131"]

1.e4 c5 2.Nf3 Nc6 3.d4 cxd4 4.Nxd4 Qb6 5.Nb3 Nf6 6.Nc3 e6 7.Bd3 a6 8.f4 
Bb4 9.Qf3 d5 10.Bd2 d4 11.Ne2 Bxd2+ 12.Nxd2 Qxb2 13.Rb1 Qxa2 14.O-O Qa5 
15.Nc4 Qc7 16.e5 Nd5 17.Nd6+ Kf8 18.Be4 Ne3 19.Rfc1 Nf5 20.Bxf5 exf5 21.c3
d3 22.Qxd3 g6 23.c4 Nd8 24.Qa3 Be6 25.Nxf5+ Kg8 26.Ne7+ Kg7 27.Nd5 Bxd5 
28.cxd5 Qd7 29.Qc5 b5 30.Nd4 Nb7 31.Qb6 Rhc8 32.Qf6+ Kg8 33.Nc6 Rc7 34.h4 
Nd8 35.h5 Qxd5 36.Ne7+ Rxe7 37.Qxe7 Qd4+ 38.Kh1 Qxf4 39.hxg6 Qh6+ 40.Kg1 
Qe3+ 41.Kh2 hxg6 42.Qe8+ Kg7 43.Rf1 Qh6+ 44.Kg1 Qh8 45.Qd7 Qf8 46.Rf2 Qc5 
47.e6 Qa7 48.Kf1 Qxd7 49.exd7 Ne6 50.Re1 Rd8 51.Rd2 Kf6 52.Ra1 Ke7 53.Rxa6
Rxd7 54.Rxd7+ Kxd7 55.Rb6 Nd4 56.Rb7+ Ke6 57.Kf2 f6 58.g4 Kd5 59.Ke3 f5 
60.g5 b4 61.Kd3 Ne6 62.Rb5+ Kd6 63.Rxb4 Kc5 64.Ra4 Kd6 65.Ke3 Ke7 66.Ra7+ 
1/2-1/2

[Event "3rd Asia-ch"]
[Site "Kolkata IND"]
[Date "2001.08.13"]
[Round "6"]
[White "Antonio, Rogelio jr"]
[Black "Ravi, Lanka"]
[Result "1/2-1/2"]
[WhiteElo "2535"]
[BlackElo "2389"]
[EventDate "2001.08.09"]
[PlyCount "108"]

1.e4 e6 2.d4 d5 3.Nd2 c5 4.exd5 Qxd5 5.Ngf3 cxd4 6.Bc4 Qd6 7.O-O Nf6 8.Nb3
Nc6 9.Nbxd4 Nxd4 10.Qxd4 Qxd4 11.Nxd4 Bd7 12.Bf4 Rc8 13.Bb3 Bc5 14.Rad1 
O-O 15.Rfe1 Rfd8 16.c3 Be8 17.Nxe6 fxe6 18.Bxe6+ Bf7 19.Bxc8 Rxc8 20.Be3 
Bxe3 21.Rxe3 Bxa2 22.Ra1 Bc4 23.Rxa7 Ba6 24.h3 Nd5 25.Re5 Rd8 26.Re4 Rc8 
27.Rd4 Kf8 28.Kh2 Nc7 29.Rf4+ Kg8 30.c4 Ne6 31.Rf5 Nd4 32.Ra5 Nc6 33.R5xa6
bxa6 34.Rxa6 Nb4 35.Rb6 Rxc4 36.Kg3 Kf7 37.Kf3 Nd5 38.Rb7+ Kf6 39.g3 h6 
40.h4 h5 41.b3 Rd4 42.Ke2 g6 43.Rb8 Rb4 44.Rxb4 Nxb4 45.Kd2 Ke5 46.Kc3 Na6
47.f3 Kd5 48.b4 Nc7 49.Kd3 Nb5 50.Ke3 Ke5 51.g4 Nc7 52.f4+ Kf6 53.Kf3 Ne6 
54.Kg3 Kg7 1/2-1/2

[Event "3rd Asia-ch"]
[Site "Kolkata IND"]
[Date "2001.08.13"]
[Round "6"]
[White "Barua, Dibyendu"]
[Black "Wu Wenjin"]
[Result "1-0"]
[WhiteElo "2499"]
[BlackElo "2560"]
[EventDate "2001.08.09"]
[PlyCount "109"]

1.e4 e5 2.Nf3 Nc6 3.Bc4 Bc5 4.c3 Nf6 5.d3 d6 6.O-O Bb6 7.a4 h6 8.Re1 O-O 
9.Nbd2 a6 10.Nf1 Ne7 11.a5 Ba7 12.d4 Ng6 13.h3 exd4 14.Nxd4 Nxe4 15.Qh5 d5
16.Qxd5 Qxd5 17.Bxd5 Nf6 18.Bb3 Bxd4 19.cxd4 Rd8 20.d5 Nxd5 21.Bxd5 Rxd5 
22.Re8+ Kh7 23.Bd2 b6 24.Rc1 Rc5 25.Rxc5 bxc5 26.Rd8 f6 27.Ne3 Ne7 28.Bc3 
Kg6 29.f4 Kf7 30.Kf2 Rb8 31.g4 Nc6 32.Rd5 Rb5 33.f5 Ke8 34.Rd2 Ne7 35.Ng2 
Nc6 36.Nf4 Kf8 37.Ne6+ Kf7 38.Kg3 Ne7 39.Nf4 Nc6 40.Kf2 Rb8 41.Ke1 Ke8 42.
Kd1 Kf7 43.Kc1 Rb3 44.Nd5 Rb7 45.Ne3 Rb8 46.Rd5 Rb5 47.Nc4 Ke8 48.Rd2 Ne7 
49.Re2 Rb8 50.Nd2 Bb7 51.b4 Kf7 52.bxc5 Rd8 53.Ne4 Rb8 54.Kd2 Nc6 55.Nf2 
1-0

[Event "3rd Asia-ch"]
[Site "Kolkata IND"]
[Date "2001.08.13"]
[Round "6"]
[White "Djao Thien Hai"]
[Black "Konguvel, Ponnuswamy"]
[Result "0-1"]
[WhiteElo "2572"]
[BlackElo "2371"]
[EventDate "2001.08.09"]
[PlyCount "62"]

1.d4 Nf6 2.c4 g6 3.Nc3 d5 4.cxd5 Nxd5 5.e4 Nxc3 6.bxc3 Bg7 7.Bb5+ c6 8.Ba4
O-O 9.Ne2 c5 10.O-O Nc6 11.Be3 Na5 12.dxc5 Nc4 13.Qxd8 Rxd8 14.Bg5 Bd7 15.
Bb3 Na5 16.Rfd1 Nxb3 17.axb3 Be6 18.b4 Bb3 19.Rxd8+ Rxd8 20.f3 Bc4 21.Nd4 
Rxd4 22.Rxa7 Rd1+ 23.Kf2 Bxc3 24.Bxe7 Rd7 25.Bd6 f6 26.f4 Kf7 27.Ra8 Bb5 
28.e5 fxe5 29.fxe5 Ke6 30.Ke3 Bc6 31.g4 Rf7 0-1

[Event "3rd Asia-ch"]
[Site "Kolkata IND"]
[Date "2001.08.13"]
[Round "6"]
[White "Egin, Vladimir"]
[Black "Magai, Vladimir"]
[Result "1/2-1/2"]
[WhiteElo "2451"]
[BlackElo "2537"]
[EventDate "2001.08.09"]
[PlyCount "39"]

1.e4 e5 2.Nf3 Nc6 3.Nc3 Nf6 4.d4 exd4 5.Nxd4 Bb4 6.Nxc6 bxc6 7.Bd3 d5 8.
exd5 cxd5 9.O-O O-O 10.Bg5 c6 11.Qf3 Be7 12.Rae1 Re8 13.h3 h6 14.Bc1 Bd6 
15.Re2 Rxe2 16.Nxe2 Qe7 17.Ng3 Bd7 18.Bd2 Re8 19.Re1 Be5 20.Bc3 1/2-1/2

[Event "3rd Asia-ch"]
[Site "Kolkata IND"]
[Date "2001.08.13"]
[Round "6"]
[White "Ganguly, Surya Shekhar"]
[Black "Liang Chong"]
[Result "1/2-1/2"]
[WhiteElo "2464"]
[BlackElo "2556"]
[EventDate "2001.08.09"]
[PlyCount "73"]

1.e4 c6 2.d4 d5 3.Nd2 dxe4 4.Nxe4 Nd7 5.Ng5 Ngf6 6.Bd3 e6 7.N1f3 Bd6 8.Qe2
h6 9.Ne4 Nxe4 10.Qxe4 c5 11.O-O Qc7 12.Qg4 Kf8 13.c3 b6 14.Qh4 Bb7 15.Be4 
Be7 16.Bg5 Nf6 17.Bxb7 Qxb7 18.dxc5 bxc5 19.Ne5 Kg8 20.Bxf6 Bxf6 21.Qh5 
Bxe5 22.Qxe5 Qxb2 23.Rfb1 Qc2 24.h3 Kh7 25.Rb7 Qf5 26.Qxf5+ exf5 27.Rxf7 
Kg6 28.Rd7 Rhd8 29.Rad1 Rxd7 30.Rxd7 Rb8 31.Rd6+ Kh7 32.Rd5 f4 33.Rxc5 
Rb1+ 34.Kh2 Rb2 35.Ra5 Rxf2 36.Rxa7 Kg6 37.Ra6+ 1/2-1/2

[Event "3rd Asia-ch"]
[Site "Kolkata IND"]
[Date "2001.08.13"]
[Round "6"]
[White "Garma, Chito"]
[Black "Vladimirov, Evgeny"]
[Result "0-1"]
[WhiteElo "2409"]
[BlackElo "2612"]
[EventDate "2001.08.09"]
[PlyCount "68"]

1.e4 c5 2.Nf3 Nc6 3.d4 cxd4 4.Nxd4 Nf6 5.Nc3 d6 6.Bc4 e6 7.Bb3 a6 8.Be3 
Qc7 9.Qe2 Be7 10.O-O-O O-O 11.Rhg1 Nd7 12.g4 Nc5 13.g5 b5 14.Kb1 Bb7 15.
Rg3 Nxd4 16.Bxd4 b4 17.Qh5 bxc3 18.f3 Nxb3 19.axb3 e5 20.Rh3 h6 21.Be3 
cxb2 22.Rg1 Qa5 23.c4 Bxg5 24.Rhg3 Qa1+ 25.Kc2 Qa2 26.Rb1 Bxe3 27.Rxb2 Qa5
28.Kd3 Bf4 29.Rg1 Qa3 30.Rgg2 Rac8 31.Qf5 Rfe8 32.Qg4 Bg5 33.h4 Bf6 34.Qh5
d5 0-1

[Event "3rd Asia-ch"]
[Site "Kolkata IND"]
[Date "2001.08.13"]
[Round "6"]
[White "Hossain, Enamul"]
[Black "Odeev, Handszar"]
[Result "0-1"]
[WhiteElo "2353"]
[BlackElo "2479"]
[EventDate "2001.08.09"]
[PlyCount "76"]

1.e4 c5 2.Nf3 d6 3.c3 Nf6 4.Be2 g6 5.O-O Bg7 6.Bb5+ Nbd7 7.Re1 O-O 8.d4 a6
9.Bf1 e5 10.a4 b6 11.dxe5 dxe5 12.Bg5 Bb7 13.Nbd2 Qc7 14.Qb3 Rab8 15.Rad1 
h6 16.Bxf6 Nxf6 17.Nc4 Nxe4 18.Qxb6 Qxb6 19.Nxb6 Nxf2 20.Kxf2 Bxf3 21.Rd6 
Bg4 22.Bxa6 Rfd8 23.Rxd8+ Rxd8 24.Nc4 Be6 25.a5 Ra8 26.Bb7 Ra7 27.a6 Bxc4 
28.Ra1 f5 29.Ra5 Bf8 30.Ra4 Bb5 31.Ra5 Bd3 32.b3 Kf7 33.Ke3 e4 34.c4 Ke6 
35.Rb5 Ke5 36.Rb6 f4+ 37.Kd2 Bd6 38.Bd5 g5 0-1

[Event "3rd Asia-ch"]
[Site "Kolkata IND"]
[Date "2001.08.13"]
[Round "6"]
[White "Kotsur, Pavel"]
[Black "Moradiabadi, Elshan"]
[Result "0-1"]
[WhiteElo "2600"]
[BlackElo "2404"]
[EventDate "2001.08.09"]
[PlyCount "80"]

1.e4 c5 2.Nf3 Nc6 3.d4 cxd4 4.Nxd4 g6 5.Nb3 Bg7 6.Be2 Nf6 7.Nc3 O-O 8.O-O 
d6 9.Kh1 a5 10.a4 Be6 11.Bg5 Rc8 12.f4 Nb4 13.Bf3 Qb6 14.Nd4 Bc4 15.Re1 h6
16.Bh4 e5 17.fxe5 dxe5 18.Ndb5 Rfd8 19.Qc1 g5 20.Bg3 Qe6 21.Na3 Ba6 22.
Nab5 Bxb5 23.axb5 b6 24.Bf2 Bf8 25.g3 Bc5 26.Bxc5 Rxc5 27.Re2 Rc7 28.Qe3 
Rd6 29.Rf1 Qc4 30.h4 Nxc2 31.Qc1 Nd4 32.hxg5 Nxe2 33.Bxe2 Qxe2 34.Nxe2 
Rxc1 35.Rxc1 Nxe4 36.Rc6 Kh7 37.gxh6 Rd2 38.Nc3 Ng5 39.Kg1 e4 40.Rxb6 f5 
0-1

[Event "3rd Asia-ch"]
[Site "Kolkata IND"]
[Date "2001.08.13"]
[Round "6"]
[White "Kunte, Abhijit"]
[Black "Isaev, Jamshed"]
[Result "1-0"]
[WhiteElo "2547"]
[BlackElo "2454"]
[EventDate "2001.08.09"]
[PlyCount "95"]

1.e4 e5 2.Nf3 Nc6 3.Bb5 a6 4.Ba4 Nf6 5.O-O Be7 6.Re1 b5 7.Bb3 O-O 8.h3 Bb7
9.d3 d6 10.a3 Na5 11.Ba2 c5 12.Nc3 Rc8 13.Bg5 h6 14.Bxf6 Bxf6 15.Bd5 Bxd5 
16.Nxd5 Nc6 17.c3 g6 18.a4 b4 19.a5 bxc3 20.bxc3 Kg7 21.Qa4 Ne7 22.Nxe7 
Bxe7 23.Reb1 Rb8 24.Nd2 f5 25.Rxb8 Qxb8 26.Rb1 Qc8 27.Rb6 fxe4 28.Qxe4 Rf6
29.Qd5 Qf5 30.Ne4 Rf7 31.Rb7 Qf4 32.Qe6 Bf8 33.Rb1 h5 34.c4 Be7 35.Rb7 Bf8
36.Rxf7+ Qxf7 37.Qc8 Qf4 38.Qxa6 Qc1+ 39.Kh2 h4 40.Qb7+ Kh6 41.Qf7 Bg7 42.
a6 Qa3 43.a7 Qa6 44.Qe7 d5 45.cxd5 Qxd3 46.a8=Q Qxe4 47.Qf7 Qd4 48.Qae8 
1-0